Statistiques concernant Culture Générale - Série 1552

Cliquez ici pour prendre le quiz!

Statistiques générales

  • Ce quiz a été pris 60 fois
  • Le résultat moyen est 4 sur 10

Statistiques - réponses

QuestionRéponse% Correct
À quel compositeur allemand doit-on la symphonie numéro 3 dite “Héroïque” ?Beethoven
83%
À quel genre de film à grand spectacle, ayant pour sujet un épisode de l'Antiquité, le film "Gladiator" appartient-il ?péplum
80%
À quel peintre doit-on la toile connue sous le titre “El Tres de Mayo” et exposée au musée du Prado ?Francisco Goya
61%
Quel est le second pape, après Jean-Paul II, à être représenté sur les pièces en euros du Vatican ?Benoît XVI
61%
En 1776, dans quelle ville est signée la Déclaration d'indépendance des États-Unis ?Philadelphie
39%
De 1814 à 1815, quelle ville accueillit le congrès qui réorganisa l'Europe, après la chute de l'Empire napoléonien ?Vienne
37%
Dans le film "Tout peut arriver", de quelle séduisante quinquagénaire, prénommée Diane, Jack Nicholson tombe-t-il amoureux ?Diane Keaton
33%
Quel musicien, prénommé Charles, a composé les titres : "Non, je ne regrette rien" et "Mon Dieu" pour Édith Piaf ?Charles Dumont
33%
Dans quelle station balnéaire sont décernés chaque année les Swann d'or, à l'occasion du festival du film ?Cabourg
15%
Qu'a inventé le chirurgien orthopédiste français Charles Gabriel Pravaz, en 1841 ?seringue
6%

Distribution des résultats

Percentile par nombre de réponses

% des personnes avec chaque résultat

Votre développement - résultats

Vous n’avez pas pris ce quiz